Statistiche per Città più vicina - Quiz n°1

Clicka qui per fare il quiz!

Statistiche generali

  • Questo quiz è stato fatto 41 volte
  • Il punteggio medio è 4 su 10

Statistiche sulle risposte

DomandaRisposta% Corretto
SingaporeHong Kong
61%
HoustonDenver
55%
NashvilleChicago
53%
NaypyidawBangkok
50%
RigaBerlino
45%
AnversaLondra
42%
EdimburgoBelfast
32%
BordeauxBilbao
32%
KampalaNairobi
21%
PanamaQuito
16%

Distribuzione punteggi

Percentile per numero di risposta

Percentuale di utenti per punteggio

I tuoi punteggi nel tempo

Non hai fatto questo quiz